[Event "Challenge"]
[Site "http://www.queenalice.com/game.php?id=1519670"]
[Date "2018.3.14"]
[Round "-"]
[White "claudioMaster"]
[Black "vangogh"]
[Result "1-0"]
[WhiteElo "1506"]
[BlackElo "1597"]

1. e4 e5 2. Bc4 Nf6 3. Qf3 Be7 4. g4 O-O 5. d3 g6 6. Nh3 h6 7. g5 hxg5 8. Nxg5
Nc6 9. Nxf7 Rxf7 10. Bxf7+ Kxf7 11. Nc3 Nd4 12. Qd1 Bb4 13. a3 Bxc3+ 14. bxc3
Nb5 15. h4 Nxc3 16. Qd2 Nb5 17. Rg1 Qh8 18. Qg5 Qh7 19. Qxe5 c6 20. Bg5 Nh5 21.
Qe7+ Kg8 22. Qe8+ Kg7 23. Be7 Nf6 24. Qf8# 1-0

[Event "Challenge"]
[Site "http://www.queenalice.com/game.php?id=1519672"]
[Date "2018.3.14"]
[Round "-"]
[White "claudioMaster"]
[Black "jamesxirb"]
[Result "0-1"]
[WhiteElo "1526"]
[BlackElo "1610"]

1. e4 e5 2. Bc4 f6 3. Nh3 Ne7 4. c3 a6 5. Qb3 d5 6. exd5 b5 7. Bd3 g6 8. f4 Qd6
9. Na3 Nxd5 10. Be4 c6 11. Bxd5 cxd5 12. O-O e4 13. d4 Bg4 14. Nf2 Bd7 15. Ng4
Bc6 16. f5 h5 17. Ne3 g5 18. g4 hxg4 19. Nxg4 Rh4 20. Rf2 Rxg4+ 21. Rg2 Qxh2+
22. Kf2 Qxg2+ 23. Ke1 Qg1+ 24. Ke2 Rg2# 0-1

[Event "Challenge"]
[Site "http://www.queenalice.com/game.php?id=1519785"]
[Date "2018.3.15"]
[Round "-"]
[White "claudioMaster"]
[Black "luisgalvao"]
[Result "0-1"]
[WhiteElo "1513"]
[BlackElo "1400"]

1. e4 e5 2. Bc4 Qf6 3. Nf3 Bd6 4. d3 Bc5 5. Nc3 h6 6. Nd5 Qd6 7. d4 exd4 8. b4
Bxb4+ 9. Nxb4 Qxb4+ 10. Nd2 h5 11. Qf3 f6 12. a3 Qa5 13. Rb1 b6 14. e5 Qxe5+ 15.
Kd1 Bb7 16. Qxb7 Nh6 17. Qxa8 Ke7 18. Qxa7 Nc6 19. Qa4 Ng4 20. Rf1 Re8 21. Re1
Nxf2# 0-1

[Event "Challenge"]
[Site "http://www.queenalice.com/game.php?id=1519786"]
[Date "2018.3.15"]
[Round "-"]
[White "claudioMaster"]
[Black "colonelkurtz"]
[Result "0-1"]
[WhiteElo "1443"]
[BlackElo "1514"]

1. e4 c5 2. Bc4 e6 3. Nf3 g6 4. Ne5 Nh6 5. Qf3 Bg7 6. d4 f5 7. exf5 Nxf5 8. c3
Bxe5 9. dxe5 Nh4 10. Qg3 h6 11. Na3 g5 12. Nb5 Nf5 13. Qd3 Nc6 14. a3 Nxe5 15.
Qc2 Nxc4 16. Qd3 Nb6 17. f4 c4 18. Qe2 a6 19. Nd4 Nxd4 20. cxd4 d5 21. fxg5 hxg5
22. g4 Qf6 23. Rf1 Qxd4 24. Rb1 e5 25. Be3 Qe4 26. Rg1 Qxb1+ 27. Kf2 Qg6 28. Re1
d4 29. Bxd4 O-O+ 30. Kg3 exd4 0-1

[Event "AUTO-OPEN-3913"]
[Site "http://www.queenalice.com/game.php?id=1519992"]
[Date "2018.3.17"]
[Round "1"]
[White "Artking"]
[Black "claudioMaster"]
[Result "1-0"]
[WhiteElo "2067"]
[BlackElo "1511"]

1. e4 e5 2. f4 exf4 3. Bc4 Qg5 4. Qe2 Bc5 5. Nf3 Qf6 6. c3 Nc6 7. d4 Bd6 8. e5
Qg6 9. exd6+ Kf8 10. O-O cxd6 11. Bxf4 Nh6 12. Nbd2 Na5 13. Nh4 Qc2 14. Bxd6+
Kg8 15. Qe8# 1-0

[Event "AUTO-OPEN-3913"]
[Site "http://www.queenalice.com/game.php?id=1519993"]
[Date "2018.3.17"]
[Round "1"]
[White "claudioMaster"]
[Black "Artking"]
[Result "0-1"]
[WhiteElo "1477"]
[BlackElo "2102"]

1. e4 b6 2. Qf3 Bb7 3. Nc3 Nf6 4. Bc4 e6 5. Qe3 Bc5 6. d4 Bb4 7. a3 Bxc3+ 8.
bxc3 Bxe4 9. f3 Bb7 10. Nh3 d5 11. Bb5+ Nbd7 12. Nf4 O-O 13. Bxd7 Qxd7 14. O-O
Rac8 15. g3 c5 16. dxc5 bxc5 17. Rd1 d4 18. cxd4 Rfe8 0-1

[Event "AUTO-OPEN-3913"]
[Site "http://www.queenalice.com/game.php?id=1520014"]
[Date "2018.3.17"]
[Round "1"]
[White "Aaronian"]
[Black "claudioMaster"]
[Result "1-0"]
[WhiteElo "2107"]
[BlackElo "1445"]

1. d4 Nc6 2. Nf3 Nf6 3. Nc3 e6 4. e4 Bb4 5. e5 Ne4 6. Bd2 Nxd2 7. Qxd2 Be7 8.
Bb5 Nb4 9. a3 Nd5 10. Nxd5 exd5 11. O-O c6 12. Bd3 h6 13. Qf4 d6 14. c4 dxe5 15.
Nxe5 O-O 16. Rae1 Bd6 17. c5 Bxe5 18. Qxe5 Qg5 19. Qxg5 1-0

[Event "AUTO-OPEN-3913"]
[Site "http://www.queenalice.com/game.php?id=1520015"]
[Date "2018.3.17"]
[Round "1"]
[White "claudioMaster"]
[Black "Aaronian"]
[Result "0-1"]
[WhiteElo "1447"]
[BlackElo "2106"]

1. e4 e5 2. Qf3 Qf6 3. Qc3 Nc6 4. Na3 Bb4 5. Qg3 Bxa3 6. bxa3 Nd4 7. Qc3 Nc6 8.
Qg3 Nd4 9. Bd3 Ne7 10. Nf3 Nxf3+ 11. gxf3 O-O 12. Rg1 d6 13. Bb2 Ng6 14. O-O-O
Be6 15. h4 Bxa2 16. f4 Qxh4 17. Qg2 Qxf4 0-1

[Event "AUTO-OPEN-3913"]
[Site "http://www.queenalice.com/game.php?id=1520026"]
[Date "2018.3.17"]
[Round "1"]
[White "Magogue"]
[Black "claudioMaster"]
[Result "1-0"]
[WhiteElo "2532"]
[BlackElo "1457"]

1. d4 d5 2. c4 Nf6 3. cxd5 Qxd5 4. Nf3 e6 5. e3 Bb4+ 6. Bd2 Bxd2+ 7. Nbxd2 Nc6
8. Bc4 Qd8 9. O-O h5 10. Bd3 Nb4 11. Qa4+ Nc6 12. Bb5 Bd7 13. Qa3 Nd5 14. Bxc6
Bxc6 15. Ne5 f6 16. Nxc6 bxc6 17. Rac1 Qd7 18. Rc5 g5 19. Ra5 Nb6 20. Rc1 e5 21.
Ne4 Qe6 22. Rxa7 Rxa7 23. Qxa7 Kd7 24. Nc5+ Kd6 25. Nxe6 Kxe6 26. Rxc6+ Kf5 27.
Qxc7 1-0

[Event "AUTO-OPEN-3913"]
[Site "http://www.queenalice.com/game.php?id=1520027"]
[Date "2018.3.17"]
[Round "1"]
[White "claudioMaster"]
[Black "Magogue"]
[Result "0-1"]
[WhiteElo "1513"]
[BlackElo "2474"]

1. e4 e5 2. Bc4 Bc5 3. Qf3 Nf6 4. g4 Nc6 5. g5 Nd4 6. Qd3 Nh5 7. Nf3 Nf4 8. Qc3
d5 9. exd5 Bb4 10. Bb5+ c6 11. Bxc6+ bxc6 12. Qc4 Ng2+ 13. Kf1 Bh3 14. Kg1 Nxf3+
15. Kf1 Nf4# 0-1

[Event "AUTO-INT-3328"]
[Site "http://www.queenalice.com/game.php?id=1520033"]
[Date "2018.3.17"]
[Round "1"]
[White "claudioMaster"]
[Black "luiz_gustavo"]
[Result "0-1"]
[WhiteElo "1451"]
[BlackElo "1759"]

1. e4 e5 2. Qf3 Nc6 3. Bc4 Nf6 4. g4 Nd4 5. Qc3 Nxe4 6. Qd3 d5 7. c3 Qf6 8. cxd4
Qxf2+ 9. Kd1 Qg2 10. Qf3 Qxf3+ 11. Nxf3 Nf2+ 12. Ke1 Nxh1 13. Bxd5 Bxg4 14. Nxe5
Be6 15. Bxh1 c6 16. Nxc6 bxc6 17. Bxc6+ Kd8 18. Bxa8 g6 19. Nc3 Bg7 0-1

[Event "AUTO-INT-3328"]
[Site "http://www.queenalice.com/game.php?id=1520034"]
[Date "2018.3.17"]
[Round "1"]
[White "luiz_gustavo"]
[Black "claudioMaster"]
[Result "1-0"]
[WhiteElo "1755"]
[BlackElo "1455"]

1. e4 e5 2. Nf3 Bc5 3. Nc3 Nc6 4. Bb5 Qf6 5. Nd5 Qd6 6. O-O a6 7. Bxc6 dxc6 8.
Nc3 Nf6 9. Re1 Bg4 10. d3 b5 11. h3 Bxf3 12. Qxf3 h5 13. Ne2 O-O-O 14. Bg5 Bb4
15. Red1 Qe6 16. c3 Bc5 17. d4 exd4 18. cxd4 1-0

[Event "AUTO-INT-3328"]
[Site "http://www.queenalice.com/game.php?id=1520035"]
[Date "2018.3.17"]
[Round "1"]
[White "claudioMaster"]
[Black "carlitomontana93270"]
[Result "0-1"]
[WhiteElo "1466"]
[BlackElo "1649"]

1. e4 d6 2. Bc4 g6 3. Qf3 Nf6 4. Nh3 Bg7 5. Ng5 O-O 6. Nxf7 Qd7 7. Ne5+ Kh8 8.
Nxd7 Bxd7 9. e5 Bc6 10. Qg3 Ne4 11. Qb3 Nc5 12. Qh3 Bd7 13. Nc3 Bxh3 14. gxh3
Bxe5 15. Nd5 Nba6 16. Nxe7 Rae8 17. Nd5 c6 18. Ne3 d5 19. Bxa6 Nxa6 20. c3 Bf4
21. d4 Bxe3 0-1

[Event "AUTO-INT-3328"]
[Site "http://www.queenalice.com/game.php?id=1520036"]
[Date "2018.3.17"]
[Round "1"]
[White "carlitomontana93270"]
[Black "claudioMaster"]
[Result "1-0"]
[WhiteElo "1640"]
[BlackElo "1475"]

1. c3 e5 2. e4 Qf6 3. Nf3 Bc5 4. d4 exd4 5. cxd4 Bb4+ 6. Bd2 Qb6 7. Bxb4 Qxb4+
8. Qd2 Qb6 9. Nc3 Nf6 10. Be2 d6 11. O-O Bg4 12. Rad1 Bxf3 13. Bxf3 Nc6 14. d5
Ne7 15. Na4 Qa6 16. b3 b5 17. Nc3 c6 18. Be2 cxd5 19. Bxb5+ Qxb5 20. Nxb5 Rc8
21. Nxd6+ Kf8 22. Nxc8 1-0